[Event "Magyar Rapid Bajnokság"]
[Site "Ajka"]
[Date "2018.07.20"]
[Round "1.1"]
[White "Almasi, Zoltan"]
[Black "Borhy, Marcell"]
[Result "1-0"]
[WhiteElo "2650"]
[BlackElo "1969"]
[PlyCount "65"]
[EventDate "2018.07.20"]
[EventType "swiss"]
[EventRounds "13"]
[EventCountry "HUN"]

1. Nf3 d5 2. c4 d4 3. b4 Bg4 4. Bb2 Bxf3 5. exf3 Nf6 6. c5 e5 7. Bc4 Be7 8. O-O
Nc6 9. a3 O-O 10. Re1 Re8 11. Qb3 Rf8 12. d3 a6 13. Nd2 b5 14. cxb6 cxb6 15.
Rac1 Qd7 16. Qc2 Rfc8 17. Qb1 b5 18. Bb3 Bd6 19. Ne4 Nxe4 20. fxe4 a5 21. bxa5
Rxa5 22. Qa2 Kf8 23. g3 Nb4 24. Rxc8+ Qxc8 25. Qb1 Na6 26. Qd1 Bxa3 27. Qh5 Qd7
28. Rc1 Nc5 29. Bxa3 Rxa3 30. Rxc5 Rxb3 31. Qxe5 Qe6 32. Qb8+ Ke7 33. Re5 1-0

[Event "Magyar Rapid Bajnokság"]
[Site "Ajka"]
[Date "2018.07.20"]
[Round "1.2"]
[White "Pais, Nimrod"]
[Black "Erdos, Viktor"]
[Result "0-1"]
[WhiteElo "1962"]
[BlackElo "2617"]
[PlyCount "106"]
[EventDate "2018.07.20"]
[EventType "swiss"]
[EventRounds "13"]
[EventCountry "HUN"]

1. d4 Nf6 2. e3 c5 3. Bd3 Qc7 4. c3 g6 5. Nd2 Bg7 6. Ngf3 d5 7. O-O O-O 8. h3
b6 9. Re1 Bb7 10. Nf1 Ne4 11. Qe2 Nd7 12. Bxe4 dxe4 13. N3d2 e5 14. Ng3 f5 15.
Qc4+ Kh8 16. dxc5 Nxc5 17. b4 Ba6 18. b5 Bc8 19. Ba3 Be6 20. Qe2 Rfd8 21. Bxc5
Qxc5 22. Rec1 Rd3 23. c4 Qb4 24. Ngf1 Rad8 25. Rc2 Bf8 26. Rac1 Qa4 27. Nb1 Bc5
28. Nfd2 Qb4 29. Nb3 Be7 30. Kh2 Kg7 31. Kg1 h5 32. Kh2 Kh6 33. Kg1 Rc8 34.
N1d2 Rcd8 35. Nb1 Bg5 36. g3 h4 37. gxh4 Bxh4 38. N1d2 Bf7 39. Kh2 Be8 40. Kg1
g5 41. Qe1 Bh5 42. Kg2 Rg8 43. Kh2 g4 44. Nf1 Qe7 45. c5 gxh3 46. Ng3 Bxg3+ 47.
fxg3 Qg5 48. cxb6 axb6 49. Rc6+ Rg6 50. Rxg6+ Bxg6 51. Rc3 Qg4 52. Rxd3 exd3
53. Qb4 Qxb4 0-1

[Event "Magyar Rapid Bajnokság"]
[Site "Ajka"]
[Date "2018.07.20"]
[Round "1.3"]
[White "Balog, Imre"]
[Black "Lehocz, Jozsef"]
[Result "1-0"]
[WhiteElo "2613"]
[BlackElo "1945"]
[PlyCount "77"]
[EventDate "2018.07.20"]
[EventType "swiss"]
[EventRounds "13"]
[EventCountry "HUN"]

1. e4 b6 2. d4 Bb7 3. Bd3 e6 4. Nf3 Nf6 5. Qe2 c5 6. d5 Be7 7. d6 Bf8 8. e5 Nd5
9. a3 b5 10. Bxb5 Nc6 11. O-O h6 12. c4 Nb6 13. Nbd2 Rc8 14. Nb3 Nb8 15. Na5
Ba8 16. b4 a6 17. bxc5 axb5 18. cxb6 Qxb6 19. Bd2 bxc4 20. Rfc1 f5 21. Rab1 Qa7
22. Rxc4 Rxc4 23. Nxc4 Be4 24. Be3 Qa8 25. Rb3 Nc6 26. Nfd2 g6 27. Nxe4 fxe4
28. Qg4 Kf7 29. Qf4+ Kg8 30. Qxe4 Kh7 31. h4 Bg7 32. h5 Rf8 33. Bxh6 Rf5 34.
hxg6+ Kg8 35. Bxg7 Kxg7 36. Rh3 Qa4 37. Qh4 Qd1+ 38. Kh2 Nxe5 39. Qh8+ 1-0

[Event "Magyar Rapid Bajnokság"]
[Site "Ajka"]
[Date "2018.07.20"]
[Round "1.4"]
[White "Kaufmann, Attila"]
[Black "Prohaszka, Peter"]
[Result "0-1"]
[WhiteElo "1937"]
[BlackElo "2593"]
[PlyCount "62"]
[EventDate "2018.07.20"]
[EventType "swiss"]
[EventRounds "13"]
[EventCountry "HUN"]

1. d4 d5 2. Nf3 Nf6 3. c4 e6 4. Nc3 a6 5. e3 b6 6. Bd3 Bb7 7. O-O Nbd7 8. Qe2
dxc4 9. Bxc4 c5 10. Rd1 cxd4 11. Nxd4 Qb8 12. e4 Bd6 13. h3 O-O 14. Be3 b5 15.
Bb3 Nc5 16. f3 Nxb3 17. axb3 Nh5 18. Qd2 Bh2+ 19. Kf1 Rd8 20. Qe1 Ng3+ 21. Kf2
Nxe4+ 22. Nxe4 Bxe4 23. Ne2 Bd3 24. Qd2 Bc7 25. Nd4 Bg6 26. Qe2 Bg3+ 27. Kg1
Qb7 28. b4 Bd6 29. Qe1 Qd5 30. Ra3 Bf8 31. Raa1 Rdc8 0-1

[Event "Magyar Rapid Bajnokság"]
[Site "Ajka"]
[Date "2018.07.20"]
[Round "1.5"]
[White "Banusz, Tamas"]
[Black "Cs. Kovacs, Laszlo"]
[Result "1-0"]
[WhiteElo "2592"]
[BlackElo "1928"]
[PlyCount "65"]
[EventDate "2018.07.20"]
[EventType "swiss"]
[EventRounds "13"]
[EventCountry "HUN"]

1. d4 Nf6 2. c4 g6 3. Nf3 Bg7 4. g3 d6 5. Bg2 c6 6. O-O O-O 7. Nc3 b6 8. e4 Bb7
9. h3 Nbd7 10. Be3 Qc7 11. Qe2 Rfe8 12. Rac1 e5 13. d5 c5 14. Ne1 a6 15. a4 Ra7
16. Nd3 Nf8 17. Kh2 Qe7 18. Rce1 Bc8 19. b4 Nh5 20. a5 bxa5 21. bxc5 Rb7 22.
cxd6 Qxd6 23. c5 Qf6 24. Rb1 Rxb1 25. Rxb1 Qd8 26. d6 f5 27. exf5 Bxf5 28. Nd5
Qd7 29. Ne7+ Rxe7 30. dxe7 Bxd3 31. Qa2+ Ne6 32. Rb7 Qc8 33. Rb8 1-0

[Event "Magyar Rapid Bajnokság"]
[Site "Ajka"]
[Date "2018.07.20"]
[Round "1.6"]
[White "Guzs, Laszlo"]
[Black "Gledura, Benjamin"]
[Result "0-1"]
[WhiteElo "1927"]
[BlackElo "2574"]
[PlyCount "72"]
[EventDate "2018.07.20"]
[EventType "swiss"]
[EventRounds "13"]
[EventCountry "HUN"]

1. c4 g6 2. Nc3 Bg7 3. g3 Nf6 4. Bg2 O-O 5. Nf3 d6 6. O-O e5 7. e4 Nc6 8. d4
exd4 9. Nxd4 Bg4 10. f3 Nxd4 11. Qxd4 Be6 12. Bg5 h6 13. Bxf6 Qxf6 14. Qxf6
Bxf6 15. Nd5 Bxb2 16. Rab1 Bd4+ 17. Kh1 Bb6 18. f4 c6 19. f5 cxd5 20. fxe6 dxc4
21. e7 Rfe8 22. e5 dxe5 23. Bxb7 Rab8 24. Bd5 Rxe7 25. Bxc4 Kg7 26. a4 Rc8 27.
Bb5 e4 28. Rb2 e3 29. Re2 Ba5 30. Kg2 Bd2 31. Rf4 Rc5 32. g4 h5 33. gxh5 Rxh5
34. h4 Rhe5 35. Kf3 f5 36. Rg2 e2 0-1

[Event "Magyar Rapid Bajnokság"]
[Site "Ajka"]
[Date "2018.07.20"]
[Round "1.7"]
[White "Papp, Gabor"]
[Black "Bartok, Zoltan"]
[Result "1-0"]
[WhiteElo "2574"]
[BlackElo "1922"]
[PlyCount "55"]
[EventDate "2018.07.20"]
[EventType "swiss"]
[EventRounds "13"]
[EventCountry "HUN"]

1. e4 d6 2. d4 g6 3. Nc3 Bg7 4. Nf3 Bg4 5. Bc4 e6 6. Be3 Nd7 7. h3 Bxf3 8. Qxf3
Qf6 9. Qe2 Ne7 10. O-O c6 11. f4 Nc8 12. Rad1 O-O 13. f5 e5 14. fxg6 Qxg6 15.
Rf5 h6 16. Rdf1 d5 17. exd5 Ne7 18. Bd3 Nxf5 19. Bxf5 Qd6 20. Ne4 Qe7 21. d6
Qd8 22. Qg4 Kh8 23. Bxd7 exd4 24. Bg5 Qa5 25. Be7 Rg8 26. Qh4 Raf8 27. Bf6 Qd5
28. Qxh6# 1-0

[Event "Magyar Rapid Bajnokság"]
[Site "Ajka"]
[Date "2018.07.20"]
[Round "1.8"]
[White "Csiszar, Viktoria"]
[Black "Ruck, Robert"]
[Result "0-1"]
[WhiteElo "1919"]
[BlackElo "2570"]
[PlyCount "112"]
[EventDate "2018.07.20"]
[EventType "swiss"]
[EventRounds "13"]
[EventCountry "HUN"]

1. e4 c6 2. d4 d5 3. Nc3 dxe4 4. Nxe4 Bf5 5. Ng3 Bg6 6. Nf3 Nd7 7. Bc4 e6 8.
O-O Ngf6 9. Ng5 h6 10. Nxe6 fxe6 11. Bxe6 Qc7 12. c4 Bd6 13. Re1 O-O-O 14. Qa4
Kb8 15. Be3 Rhe8 16. Bh3 Nb6 17. Qb3 Bf4 18. a4 Bxe3 19. fxe3 c5 20. a5 Nc8 21.
d5 Nd6 22. a6 b6 23. Be6 Bf7 24. Bh3 Nfe4 25. Nf5 Bg6 26. Nxd6 Nxd6 27. Be6 Bf7
28. Bxf7 Qxf7 29. Rf1 Qe7 30. Rf3 Qe4 31. Rc1 Re7 32. Qc3 Qe5 33. Qa3 Rde8 34.
b4 Rc7 35. Qa4 Qb2 36. Rcf1 Qxb4 37. Qc2 Qxc4 38. Qg6 Qe4 39. Qxd6 Qe7 40. Qxe7
Rcxe7 41. d6 Rd7 42. Rf7 Kc8 43. Rxd7 Kxd7 44. Rf7+ Kxd6 45. Rxa7 Rxe3 46. Rxg7
Ra3 47. a7 c4 48. Kf2 Kc5 49. Rc7+ Kd4 50. Ke2 Ra2+ 51. Kd1 b5 52. Kc1 b4 53.
g4 b3 54. h4 c3 55. Rd7+ Ke4 56. g5 Ra1# 0-1

[Event "Magyar Rapid Bajnokság"]
[Site "Ajka"]
[Date "2018.07.20"]
[Round "1.9"]
[White "Medvegy, Zoltan"]
[Black "Nagy, Jozsef"]
[Result "1-0"]
[WhiteElo "2542"]
[BlackElo "1910"]
[PlyCount "59"]
[EventDate "2018.07.20"]
[EventType "swiss"]
[EventRounds "13"]
[EventCountry "HUN"]

1. d4 d5 2. Bf4 Nf6 3. e3 e6 4. Nd2 Bd6 5. Bg3 b6 6. Ngf3 Bb7 7. Bb5+ c6 8. Bd3
Nbd7 9. Bxd6 c5 10. c3 c4 11. Bc2 b5 12. Qe2 Nb6 13. Bc5 a5 14. O-O Nfd7 15.
Ba3 Qc7 16. e4 O-O-O 17. e5 h6 18. Bd6 Qc6 19. b3 g5 20. a4 g4 21. Nh4 f5 22.
axb5 Qxb5 23. Rfb1 Qa6 24. Ng6 Rh7 25. b4 a4 26. b5 Qa5 27. Ne7+ Rxe7 28. Bxe7
Rg8 29. Bb4 Qa8 30. Qd1 1-0

[Event "Magyar Rapid Bajnokság"]
[Site "Ajka"]
[Date "2018.07.20"]
[Round "1.10"]
[White "Kovacsy, Barnabas"]
[Black "Vertetics, Attila"]
[Result "0-1"]
[WhiteElo "1909"]
[BlackElo "2506"]
[PlyCount "68"]
[EventDate "2018.07.20"]
[EventType "swiss"]
[EventRounds "13"]
[EventCountry "HUN"]

1. e4 c6 2. d4 d5 3. Nc3 g6 4. e5 f6 5. f4 Nh6 6. Nf3 Bg4 7. h3 Bxf3 8. Qxf3
Nf5 9. Be3 Bg7 10. g4 Nxe3 11. Qxe3 fxe5 12. fxe5 e6 13. O-O-O Qh4 14. Rg1 O-O
15. Bd3 Nd7 16. Ne2 Rf7 17. g5 Raf8 18. Rg4 Qf2 19. Qxf2 Rxf2 20. Kd2 Rh2 21.
Rg3 Rff2 22. Re1 c5 23. c3 Bf8 24. a3 c4 25. Bc2 Be7 26. Bd1 b5 27. Reg1 Nb6
28. Ke3 Na4 29. Rf3 Rxf3+ 30. Kxf3 Rxh3+ 31. Kg2 Rh5 32. Bxa4 Rxg5+ 33. Kf3
Rxg1 34. Nxg1 bxa4 0-1

[Event "Magyar Rapid Bajnokság"]
[Site "Ajka"]
[Date "2018.07.20"]
[Round "1.11"]
[White "Czebe, Attila"]
[Black "Losonczi, Marcell"]
[Result "1-0"]
[WhiteElo "2488"]
[BlackElo "1852"]
[PlyCount "99"]
[EventDate "2018.07.20"]
[EventType "swiss"]
[EventRounds "13"]
[EventCountry "HUN"]

1. Nf3 Nf6 2. g3 g6 3. Bg2 Bg7 4. O-O O-O 5. d4 d6 6. Re1 Nbd7 7. e4 e5 8. h3
exd4 9. Nxd4 Re8 10. Nc3 a6 11. f4 Nc5 12. Nb3 Nxb3 13. axb3 Rb8 14. Be3 Bd7
15. Qd2 Bc6 16. Ba7 Ra8 17. Bd4 Nd7 18. Bxg7 Kxg7 19. Rad1 f6 20. Qf2 Rb8 21.
h4 Qe7 22. Kh2 Qf7 23. b4 Re7 24. b3 Rbe8 25. Bf3 Kh8 26. Bg4 Qg7 27. Qd2 h5
28. Bh3 g5 29. Bf5 Rg8 30. Qf2 Nf8 31. Rh1 gxh4 32. gxh4 Qh6 33. Rhg1 Reg7 34.
Rxg7 Rxg7 35. Rg1 Bd7 36. Rxg7 Qxg7 37. Bxd7 Nxd7 38. Nd5 c6 39. Ne3 Nf8 40.
Qf3 Qg6 41. Nf1 Nd7 42. Ng3 Nf8 43. Qxh5+ Qxh5 44. Nxh5 Ne6 45. c3 b6 46. Kg3
a5 47. f5 Nc7 48. Nxf6 c5 49. bxa5 bxa5 50. c4 1-0

[Event "Magyar Rapid Bajnokság"]
[Site "Ajka"]
[Date "2018.07.20"]
[Round "1.12"]
[White "Sarmasi, Peter"]
[Black "Horvath, Adam"]
[Result "0-1"]
[WhiteElo "1836"]
[BlackElo "2479"]
[PlyCount "64"]
[EventDate "2018.07.20"]
[EventType "swiss"]
[EventRounds "13"]
[EventCountry "HUN"]

1. e4 c5 2. Nf3 e6 3. g3 Nc6 4. Bg2 Nf6 5. d3 d5 6. Nbd2 e5 7. O-O Be7 8. exd5
Nxd5 9. Nc4 f6 10. h3 O-O 11. Ne3 Nc7 12. Bd2 Be6 13. Qe2 Qd7 14. Kh2 Rfe8 15.
Rfe1 Rad8 16. Qf1 Bf8 17. Rad1 Nd4 18. Nxd4 cxd4 19. Nc4 Nd5 20. Bc1 Rc8 21.
Re2 b5 22. Na5 Nb4 23. a3 Nxc2 24. f4 Bf7 25. fxe5 fxe5 26. Qf2 Ne3 27. Bxe3
dxe3 28. Qxe3 Bh5 29. g4 Bf7 30. b4 Rc3 31. Qd2 Rec8 32. Kh1 Rxa3 0-1

[Event "Magyar Rapid Bajnokság"]
[Site "Ajka"]
[Date "2018.07.20"]
[Round "1.13"]
[White "Nemeth, Miklos"]
[Black "Bauer, Attila"]
[Result "1-0"]
[WhiteElo "2469"]
[BlackElo "1832"]
[PlyCount "39"]
[EventDate "2018.07.20"]
[EventType "swiss"]
[EventRounds "13"]
[EventCountry "HUN"]

1. e4 e6 2. d4 d5 3. Nd2 dxe4 4. Nxe4 Nd7 5. Bd3 Ngf6 6. Qe2 Be7 7. Nf3 O-O 8.
Bd2 b6 9. O-O Bb7 10. c4 c5 11. Bc3 Nxe4 12. Bxe4 Bxe4 13. Qxe4 cxd4 14. Nxd4
Nc5 15. Qg4 Bf6 16. Nc6 h5 17. Qxh5 Qc7 18. Bxf6 gxf6 19. Rfe1 Qxc6 20. Qg4+
1-0

[Event "Magyar Rapid Bajnokság"]
[Site "Ajka"]
[Date "2018.07.20"]
[Round "1.14"]
[White "Veber, Richard"]
[Black "Horvath, Peter"]
[Result "0-1"]
[WhiteElo "1821"]
[BlackElo "2438"]
[PlyCount "60"]
[EventDate "2018.07.20"]
[EventType "swiss"]
[EventRounds "13"]
[EventCountry "HUN"]

1. e4 c5 2. Nc3 Nc6 3. g3 g6 4. Bg2 Bg7 5. d3 d6 6. Be3 e5 7. Qd2 Nge7 8. Nge2
Nd4 9. O-O O-O 10. f4 Rb8 11. fxe5 dxe5 12. Rf2 Be6 13. a4 c4 14. Bxd4 exd4 15.
Nb5 a6 16. Na3 c3 17. bxc3 dxc3 18. Qe1 b5 19. axb5 axb5 20. Kh1 b4 21. Nb1 Nc6
22. Nf4 Nd4 23. Nxe6 fxe6 24. Bh3 Qg5 25. Ra2 Rxf2 26. Qxf2 Rf8 27. Qe1 Nf3 28.
Bxe6+ Kh8 29. Qd1 Qe3 30. Nxc3 Qf2 0-1

[Event "Magyar Rapid Bajnokság"]
[Site "Ajka"]
[Date "2018.07.20"]
[Round "1.15"]
[White "Csiszar, Csaba"]
[Black "Juhasz, Judit"]
[Result "1-0"]
[WhiteElo "2432"]
[BlackElo "1816"]
[PlyCount "59"]
[EventDate "2018.07.20"]
[EventType "swiss"]
[EventRounds "13"]
[EventCountry "HUN"]

1. d4 Nf6 2. Nf3 g6 3. c4 Bg7 4. Nc3 O-O 5. e4 d6 6. Be2 c5 7. d5 Bg4 8. Bg5 e6
9. Qd2 Re8 10. O-O exd5 11. exd5 a6 12. Qf4 Nbd7 13. h3 Bxf3 14. Bxf3 Re5 15.
Qh4 Qc7 16. Bd1 Rb8 17. a4 Ree8 18. a5 b6 19. axb6 Rxb6 20. Ra2 Reb8 21. b3 Ne8
22. Ne4 Ne5 23. f4 Nd3 24. Rd2 Bd4+ 25. Kh1 Nb4 26. f5 gxf5 27. Rxd4 cxd4 28.
Nf6+ Nxf6 29. Bxf6 Kf8 30. Re1 1-0

[Event "Magyar Rapid Bajnokság"]
[Site "Ajka"]
[Date "2018.07.20"]
[Round "1.16"]
[White "Erseki, Tamara"]
[Black "Mihok, Oliver"]
[Result "0-1"]
[WhiteElo "1813"]
[BlackElo "2426"]
[PlyCount "132"]
[EventDate "2018.07.20"]
[EventType "swiss"]
[EventRounds "13"]
[EventCountry "HUN"]

1. e4 c5 2. Nf3 e6 3. d4 cxd4 4. Nxd4 Nc6 5. Nc3 Qc7 6. Be2 a6 7. O-O Nf6 8.
Kh1 Nxd4 9. Qxd4 Bc5 10. Qd3 b5 11. f4 Bb7 12. Bf3 h5 13. Be3 Ng4 14. Bxc5 Qxc5
15. Rad1 O-O-O 16. Rd2 Ne3 17. Rb1 Nc4 18. Rdd1 g5 19. b4 Qe3 20. fxg5 Qxg5 21.
a4 Rhg8 22. axb5 axb5 23. Rg1 Bc6 24. Qd4 Qe3 25. Qxe3 Nxe3 26. Bxh5 Rg5 27.
Bf3 Nxc2 28. Rb2 Nd4 29. Ne2 Nxe2 30. Rxe2 Re5 31. Rge1 Rh8 32. Kg1 Kc7 33. h3
Ra8 34. Kf2 Ra3 35. Re3 Ra2+ 36. Kg3 Rg5+ 37. Kh4 Rg7 38. R1e2 Ra8 39. g4 Ra4
40. Rb2 f6 41. Kg3 Kd6 42. Kf4 Rh7 43. Bg2 Ke7 44. Kg3 Ra8 45. h4 Rah8 46. h5
Rg8 47. Kh4 Kd6 48. Rg3 Rg5 49. Re3 Ke5 50. Rbb3 Rhg7 51. Bf3 Kf4 52. Kh3 f5
53. exf5 exf5 54. Bxc6 fxg4+ 55. Kg2 dxc6 56. h6 Ra7 57. Re6 Ra2+ 58. Kf1 Rh5
59. Kg1 Rc2 60. Rbe3 Rc4 61. Re2 g3 62. Rf6+ Kg5 63. Rf3 Kg4 64. Rf6 Rc1+ 65.
Rf1 Rxf1+ 66. Kxf1 Kf3 0-1

[Event "Magyar Rapid Bajnokság"]
[Site "Ajka"]
[Date "2018.07.20"]
[Round "1.17"]
[White "Almasi, Istvan"]
[Black "Miszler, Levente"]
[Result "1/2-1/2"]
[WhiteElo "2416"]
[BlackElo "1809"]
[PlyCount "78"]
[EventDate "2018.07.20"]
[EventType "swiss"]
[EventRounds "13"]
[EventCountry "HUN"]

1. Nf3 Nf6 2. c4 g6 3. g3 Bg7 4. Bg2 O-O 5. d4 d6 6. O-O Nbd7 7. Qc2 e5 8. Rd1
exd4 9. Nxd4 Nc5 10. Nc3 Ne6 11. Nxe6 fxe6 12. c5 d5 13. Bg5 Qe8 14. h3 c6 15.
e4 h6 16. Be3 Nd7 17. exd5 exd5 18. Re1 Qf7 19. Qd2 Ne5 20. Bxh6 Bxh3 21. Rxe5
Bxh6 22. Qe2 Bxg2 23. Kxg2 Rae8 24. Rxe8 Rxe8 25. Qd3 Bg7 26. Rd1 Qf5 27. Qxf5
gxf5 28. Kf3 Kf7 29. Ne2 Re4 30. a3 Bxb2 31. Rb1 Bxa3 32. Rxb7+ Kf6 33. Rc7 Rc4
34. Rxc6+ Ke5 35. Nf4 Bxc5 36. Re6+ Kd4 37. Ne2+ Kd3 38. Nf4+ Kd4 39. Ne2+ Kd3
1/2-1/2

[Event "Magyar Rapid Bajnokság"]
[Site "Ajka"]
[Date "2018.07.20"]
[Round "1.18"]
[White "Babucs, Illes"]
[Black "Bagi, Mate"]
[Result "0-1"]
[WhiteElo "1803"]
[BlackElo "2394"]
[PlyCount "56"]
[EventDate "2018.07.20"]
[EventType "swiss"]
[EventRounds "13"]
[EventCountry "HUN"]

1. e4 e5 2. Nf3 Nc6 3. d4 exd4 4. Nxd4 Nf6 5. Nxc6 bxc6 6. Bd3 d5 7. exd5 cxd5
8. O-O Be7 9. c3 O-O 10. Nd2 c5 11. Be2 Rb8 12. Nf3 Bd6 13. b3 h6 14. Re1 Qc7
15. h3 Re8 16. Bd3 Rxe1+ 17. Qxe1 Bd7 18. Be3 Re8 19. Qd2 Ne4 20. Bxe4 dxe4 21.
Ne1 Be6 22. Rd1 Be5 23. Qc2 f5 24. f3 f4 25. Bc1 e3 26. Qe2 Bxc3 27. Rd3 Be5
28. Bb2 c4 0-1

[Event "Magyar Rapid Bajnokság"]
[Site "Ajka"]
[Date "2018.07.20"]
[Round "1.19"]
[White "Galyas, Miklos"]
[Black "Udvardi, Zalan"]
[Result "1-0"]
[WhiteElo "2382"]
[BlackElo "1795"]
[PlyCount "153"]
[EventDate "2018.07.20"]
[EventType "swiss"]
[EventRounds "13"]
[EventCountry "HUN"]

1. d4 Nf6 2. Nf3 c5 3. d5 d6 4. Nc3 a6 5. a4 g6 6. e4 Bg7 7. Be2 O-O 8. O-O
Nbd7 9. Nd2 Ne5 10. f4 Neg4 11. Nc4 h5 12. h3 Nh6 13. Be3 Rb8 14. a5 Nd7 15.
Qd2 f5 16. e5 b5 17. axb6 Nxb6 18. Na5 Bb7 19. Nxb7 Rxb7 20. Bxa6 Rb8 21. Be2
Nd7 22. Nb5 Kh7 23. e6 Nf6 24. c4 Ne4 25. Qc2 Ng8 26. g4 Ng3 27. g5 Nxf1 28.
Bxf1 Ra8 29. Ra3 Rxa3 30. bxa3 Qb6 31. Bd2 Nf6 32. gxf6 Bxf6 33. a4 Ra8 34. Bd3
Kh6 35. Kh2 Bh4 36. Qd1 Qd8 37. Bc2 Qh8 38. Bc3 Bf6 39. Qd2 Qf8 40. Bxf6 Qxf6
41. Qc3 Qxc3 42. Nxc3 Kg7 43. h4 Rb8 44. Nb5 Ra8 45. Kg3 Ra5 46. Kf3 Kf6 47.
Ke3 Kg7 48. Kd3 Kf8 49. Kc3 Ke8 50. Kb3 Kd8 51. Ka3 Kc8 52. Nc3 Kb7 53. Na2 Ra8
54. Nc1 Ka6 55. Nb3 Rb8 56. Nc1 Rb4 57. Bb3 Rb8 58. Ne2 Ka5 59. Nc3 Rg8 60. Nb5
Kb6 61. a5+ Kxa5 62. Na7 Kb6 63. Nc6 Re8 64. Ba4 Kc7 65. Kb3 g5 66. fxg5 f4 67.
Kc3 f3 68. Kd2 Rf8 69. Ke1 Rf4 70. Nxe7 Rxc4 71. Bc6 Rxh4 72. Nf5 Re4+ 73. Kf2
Re5 74. e7 Rxe7 75. Nxe7 Kd8 76. Nf5 c4 77. g6 1-0

[Event "Magyar Rapid Bajnokság"]
[Site "Ajka"]
[Date "2018.07.20"]
[Round "1.20"]
[White "Tancsa, Tamas"]
[Black "Jakab, Attila"]
[Result "0-1"]
[WhiteElo "1792"]
[BlackElo "2363"]
[PlyCount "58"]
[EventDate "2018.07.20"]
[EventType "swiss"]
[EventRounds "13"]
[EventCountry "HUN"]

1. e4 c5 2. Nf3 g6 3. d4 Bg7 4. d5 d6 5. Bb5+ Bd7 6. a4 Nf6 7. Nc3 O-O 8. O-O
Na6 9. h3 Nc7 10. Bc4 b6 11. Be3 a6 12. Qd3 b5 13. axb5 axb5 14. Nxb5 Nxb5 15.
Bxb5 Bxb5 16. Qxb5 Nxe4 17. Qc4 Nf6 18. Nd2 Qb6 19. Nb3 Qb7 20. Rxa8 Rxa8 21.
Rd1 Qa6 22. Qf4 Qa4 23. Qf3 Qc4 24. Rd2 Ra2 25. Qd1 Ne4 26. Rd3 Qa4 27. f3 c4
28. Rd4 Bxd4 29. Nxd4 Ra1 0-1

[Event "Magyar Rapid Bajnokság"]
[Site "Ajka"]
[Date "2018.07.20"]
[Round "2.1"]
[White "Szelenyi, Norbert"]
[Black "Almasi, Zoltan"]
[Result "0-1"]
[WhiteElo "2284"]
[BlackElo "2650"]
[PlyCount "71"]
[EventDate "2018.07.20"]
[EventType "swiss"]
[EventRounds "13"]
[EventCountry "HUN"]

1. Nf3 c5 2. g3 g6 3. Bg2 Bg7 4. O-O Nc6 5. d3 d6 6. c4 e6 7. Nc3 Nge7 8. a3
O-O 9. e3 b6 10. Rb1 Bb7 11. Na2 d5 12. b3 Qd7 13. Bb2 d4 14. exd4 Nxd4 15.
Bxd4 cxd4 16. Nb4 Qc7 17. Qe2 a5 18. Nc2 e5 19. Rfe1 Rfe8 20. Qd2 Nf5 21. b4
Bc6 22. b5 Bb7 23. Qe2 e4 24. dxe4 Bxe4 25. Qd1 Rad8 26. Nd2 Bxg2 27. Kxg2 d3
28. Ne3 Nxe3+ 29. Rxe3 Rxe3 30. fxe3 Qc5 31. Qf3 Qxa3 32. Rf1 Qe7 33. Rf2 a4
34. c5 Qxc5 35. Qxf7+ Kh8 36. Qa2 0-1

[Event "Magyar Rapid Bajnokság"]
[Site "Ajka"]
[Date "2018.07.20"]
[Round "2.2"]
[White "Erdos, Viktor"]
[Black "Kormos, Adam"]
[Result "1-0"]
[WhiteElo "2617"]
[BlackElo "2286"]
[PlyCount "47"]
[EventDate "2018.07.20"]
[EventType "swiss"]
[EventRounds "13"]
[EventCountry "HUN"]

1. Nf3 g6 2. d4 d6 3. c4 Bg7 4. Nc3 Nd7 5. g3 Ngf6 6. Bg2 c6 7. O-O Qc7 8. e4
e5 9. c5 O-O 10. cxd6 Qxd6 11. dxe5 Qxd1 12. Rxd1 Ng4 13. e6 fxe6 14. h3 Ngf6
15. Be3 e5 16. a4 Re8 17. Bf1 Bf8 18. Bc4+ Kg7 19. Ng5 Nb6 20. Bb3 Bd7 21. a5
Nc8 22. Nf7 Bxh3 23. Bh6+ Kg8 24. Ng5+ 1-0

[Event "Magyar Rapid Bajnokság"]
[Site "Ajka"]
[Date "2018.07.20"]
[Round "2.3"]
[White "Vass, Viktor"]
[Black "Balog, Imre"]
[Result "0-1"]
[WhiteElo "2275"]
[BlackElo "2613"]
[PlyCount "34"]
[EventDate "2018.07.20"]
[EventType "swiss"]
[EventRounds "13"]
[EventCountry "HUN"]

1. e4 e6 2. d4 d5 3. Nd2 Nc6 4. c3 e5 5. dxe5 Nxe5 6. f4 Ng4 7. Qa4+ Bd7 8. Qd4
dxe4 9. Nxe4 Bc6 10. h3 Qxd4 11. cxd4 N4h6 12. Ng3 O-O-O 13. N1e2 Ne7 14. Bd2
Nhf5 15. Nxf5 Nxf5 16. Bc3 Be7 17. Kf2 Bh4+ 0-1

[Event "Magyar Rapid Bajnokság"]
[Site "Ajka"]
[Date "2018.07.20"]
[Round "2.5"]
[White "Hardicsay, Peter"]
[Black "Banusz, Tamas"]
[Result "0-1"]
[WhiteElo "2267"]
[BlackElo "2592"]
[PlyCount "72"]
[EventDate "2018.07.20"]
[EventType "swiss"]
[EventRounds "13"]
[EventCountry "HUN"]

1. Nf3 d5 2. c4 d4 3. g3 Nc6 4. Bg2 e5 5. d3 Nf6 6. O-O a5 7. Na3 Bc5 8. Nc2
O-O 9. b3 h6 10. Ba3 Bxa3 11. Nxa3 Qe7 12. Nc2 Bf5 13. a3 Rad8 14. Rb1 e4 15.
Nfe1 Rfe8 16. b4 Qe6 17. bxa5 Nxa5 18. f3 exd3 19. exd3 b6 20. g4 Bh7 21. h3
Nxc4 22. dxc4 d3 23. Nb4 d2 24. Nec2 Qxc4 25. f4 Be4 26. Rf2 Bxg2 27. Kxg2 Ne4
28. Qf1 Qxf1+ 29. Rfxf1 Nc3 30. Rbd1 Rd6 31. Kf2 c5 32. Na6 Nxd1+ 33. Rxd1 Rd7
34. Ne3 Ra8 35. Nxc5 bxc5 36. Nc4 Rd4 0-1

[Event "Magyar Rapid Bajnokság"]
[Site "Ajka"]
[Date "2018.07.20"]
[Round "2.6"]
[White "Gledura, Benjamin"]
[Black "Laszlo, Janos"]
[Result "0-1"]
[WhiteElo "2574"]
[BlackElo "2273"]
[PlyCount "78"]
[EventDate "2018.07.20"]
[EventType "swiss"]
[EventRounds "13"]
[EventCountry "HUN"]

1. Nf3 d5 2. g3 Nf6 3. Bg2 c5 4. O-O Nc6 5. c4 e6 6. d4 h6 7. Nc3 Bd6 8. cxd5
exd5 9. Nb5 Be7 10. dxc5 Bxc5 11. a3 O-O 12. b4 Bb6 13. Bb2 Re8 14. e3 Bg4 15.
Qb3 a6 16. Nbd4 Qd6 17. Rac1 Ne4 18. Qd3 Bxf3 19. Nxf3 Nxf2 20. Rxf2 Bxe3 21.
Rcf1 d4 22. Kh1 Bxf2 23. Rxf2 Re3 24. Qd2 Rd8 25. Nxd4 Qe5 26. Bxc6 bxc6 27.
Kg1 Qe4 28. Rf4 Qb1+ 29. Rf1 Qe4 30. Rd1 a5 31. Qf2 axb4 32. axb4 Rd3 33. Re1
Qg4 34. Nxc6 Rd2 35. Qf4 Qh3 36. Ne7+ Kh7 37. Qe4+ g6 38. Re2 Rd1+ 39. Re1 R8d2
0-1

[Event "Magyar Rapid Bajnokság"]
[Site "Ajka"]
[Date "2018.07.20"]
[Round "2.7"]
[White "Seres, Bela"]
[Black "Papp, Gabor"]
[Result "0-1"]
[WhiteElo "2220"]
[BlackElo "2574"]
[PlyCount "103"]
[EventDate "2018.07.20"]
[EventType "swiss"]
[EventRounds "13"]
[EventCountry "HUN"]

1. e4 c5 2. Nf3 Nc6 3. Bb5 g6 4. O-O Bg7 5. a4 Nf6 6. d3 O-O 7. Nbd2 d6 8. h3
e5 9. Bxc6 bxc6 10. c4 Nh5 11. Re1 Nf4 12. Nf1 Ne6 13. Bd2 Rb8 14. Rb1 f5 15.
exf5 gxf5 16. b4 cxb4 17. Rxb4 Rxb4 18. Bxb4 c5 19. Bc3 Bb7 20. N1h2 Nf4 21.
Qb1 Qa8 22. Qd1 Rf6 23. Bd2 Nxd3 24. Re3 e4 25. Rxd3 exd3 26. Bc3 Rg6 27. Qxd3
Be4 28. Qe3 f4 29. Qe1 Bxf3 30. Nxf3 Bxc3 31. Qxc3 Qe4 32. Qb3 Qe7 33. Qd3 Qe6
34. a5 Rg7 35. Qb3 h6 36. Qb8+ Kh7 37. Qa8 Qxc4 38. Qf8 Qe4 39. Kh1 c4 40. Qxd6
c3 41. Qc5 c2 42. Kh2 Qg6 43. Nh4 Qd3 44. Nf3 a6 45. h4 Qg6 46. Ne1 f3 47. g3
Rf7 48. Nxc2 Qf5 49. Qc4 Re7 50. Nd4 Qe4 51. Qc5 Rf7 52. Nc2 0-1

[Event "Magyar Rapid Bajnokság"]
[Site "Ajka"]
[Date "2018.07.20"]
[Round "2.10"]
[White "Vertetics, Attila"]
[Black "Szakolczai, Peter"]
[Result "1-0"]
[WhiteElo "2506"]
[BlackElo "2194"]
[PlyCount "41"]
[EventDate "2018.07.20"]
[EventType "swiss"]
[EventRounds "13"]
[EventCountry "HUN"]

1. d4 Nf6 2. Bg5 Ne4 3. Bf4 d5 4. e3 e6 5. Bd3 Bd6 6. Bxe4 dxe4 7. Qg4 O-O 8.
Bxd6 Qxd6 9. Nc3 f5 10. Qg3 Qb6 11. O-O-O Nc6 12. f3 exf3 13. Nxf3 Bd7 14. h4
Rad8 15. h5 h6 16. Qh4 Nb4 17. Ne5 Bc6 18. Rhg1 Nd5 19. Nxd5 Bxd5 20. g4 f4 21.
g5 1-0